000
00248nam a2200097Ia 4500
001
986489
005
20250826221102.0
008
250824s9999 xx 000 0 und d
245
0
_a
BİSİKLETLİ TAKİP
_c
ARTHUR CONAN DOYLE
260
_b
DOKUZ YAYINCILIK
999
_c
986489
_d
986489